000 003350000a22001450004500
003 MACL
040 _aMACL
090 _c6705
_d6704
100 _aNarayan, Jayaprakash
245 _aPolitics in India
_bTowards Total Revolution
260 _bPopular Prakashan
_c1978
350 _a250
650 _aPolitical Science
942 _cBOOK
_k320
999 _c6657
_d6657